| 000 | 00368nam a22001337a 4500 | ||
|---|---|---|---|
| 082 |
_a631.7 _bHAM |
||
| 100 | _aHameeda Bindu Vahab | ||
| 245 | _aImproved design of a simplified roof top rainwater filtering system | ||
| 260 |
_aTavanur _bDepartment of LWRCE _c2013 |
||
| 700 | _aNimmi Kuruppath | ||
| 700 | _aRuth Joseph | ||
| 700 | _aSathian K K (guide) | ||
| 942 | _cPR | ||
| 999 |
_c14063 _d14063 |
||